<?xml version="1.0" encoding="UTF-8"?>
<marc:record xmlns:marc="http://www.loc.gov/MARC21/slim">
   <marc:leader>00000nam a2200000 a 4500</marc:leader>
   <marc:datafield ind1="1" ind2=" " tag="100">
      <marc:subfield code="a">Sänger, Kyra</marc:subfield>
      <marc:subfield code="4">aut</marc:subfield>
      <marc:subfield code="e">Verfasser/-in</marc:subfield>
   </marc:datafield>
   <marc:datafield ind1="1" ind2=" " tag="100">
      <marc:subfield code="a">Sänger, Christian</marc:subfield>
      <marc:subfield code="4">aut</marc:subfield>
      <marc:subfield code="e">Verfasser/-in</marc:subfield>
   </marc:datafield>
   <marc:datafield ind1=" " ind2=" " tag="653">
      <marc:subfield code="a">Digitalfotografie</marc:subfield>
   </marc:datafield>
   <marc:datafield ind1="0" ind2="0" tag="245">
      <marc:subfield code="a">Fotografieren für Einsteiger</marc:subfield>
   </marc:datafield>
   <marc:datafield ind1="0" ind2="0" tag="245">
      <marc:subfield code="c">Kyra Sänger ; Christian Sänger</marc:subfield>
   </marc:datafield>
   <marc:datafield ind1=" " ind2="1" tag="264">
      <marc:subfield code="a">Bonn</marc:subfield>
      <marc:subfield code="b">Vierfarben</marc:subfield>
      <marc:subfield code="c">2018</marc:subfield>
   </marc:datafield>
   <marc:datafield ind1="1" ind2=" " tag="520">
      <marc:subfield code="a">Angaben aus der Verlagsmeldung : Fotografieren für Einsteiger / von Kyra Sänger, Christian Sänger. Sie fotografieren für Ihr Leben gern? Nur die Bilder, die könnten irgendwie besser sein? Vielleicht fangen Sie auch gerade erst mit der Fotografie an? Kyra und Christian Sänger helfen Ihnen gerne weiter und bringen Ihnen alles bei, was Sie wissen müssen: Verstehen Sie die grundlegende Technik und die Funktionen Ihrer Kamera. Lassen Sie sich Bild für Bild zeigen, wie Sie fotografische Techniken anwenden; ganz so, als würden die Autoren neben Ihnen stehen! Und üben und verfeinern Sie Ihre neu gewonnenen Kenntnisse, indem Sie konkrete Projekte nachfotografieren. Die Automatik werden Sie bald nicht mehr brauchen, und der Weg zu noch mehr Spaß mit der Fotografie ist frei! Aus dem Inhalt: - Die Kamera verstehen - Objektive einsetzen- Richtig belichten - Gekonnt scharfstellen - Perfekt blitzen - Richtig gut fotografieren -Bilder nachbearbeiten</marc:subfield>
   </marc:datafield>
   <marc:datafield ind1=" " ind2=" " tag="020">
      <marc:subfield code="a">9783842103139</marc:subfield>
      <marc:subfield code="9">9783842103139</marc:subfield>
   </marc:datafield>
   <marc:datafield ind1=" " ind2=" " tag="020">
      <marc:subfield code="a">ISBN 9783842103139 ? 14,40</marc:subfield>
      <marc:subfield code="9">ISBN 9783842103139 ? 14,40</marc:subfield>
   </marc:datafield>
   <marc:datafield ind1=" " ind2=" " tag="041">
      <marc:subfield code="a">ger</marc:subfield>
   </marc:datafield>
   <marc:datafield ind1="0" ind2=" " tag="490">
      <marc:subfield code="v">0</marc:subfield>
   </marc:datafield>
   <marc:datafield ind1=" " ind2=" " tag="300">
      <marc:subfield code="a">206 S. : Ill.</marc:subfield>
   </marc:datafield>
</marc:record>
